000 00879nam a2200289Ia 4500
003 OSt
005 20220928125033.0
006 a|||||r|||| 00| 0
007 ta
008 220927b |||||||| |||| 00| 0 eng d
020 _c990
024 _a127778
037 _b184, 15/12/2015, Classic Book Service
_cTextual
040 _aSDCL
_cSDCL
_beng
041 _2eng
_aeng
082 _aD6,8(B2896), Q4;1-2
100 _aKushwaha Dharmender Singh
245 0 _aData structures
_b A programming approach with C
250 _a2nd
260 _aDelhi
_bPHI Learning Private Limited
_c2014
300 _axvi;716p.
_ccm.
500 _aWith CD
650 _aI I C
700 _a Misra Arun Kumar
942 _hD6,8(B2896), Q4;1-2
_cTEXL
_2CC
999 _c780582
_d780582